<?xml version="1.0" encoding="UTF-8"?>
<record
    xmlns:xsi="http://www.w3.org/2001/XMLSchema-instance"
    xsi:schemaLocation="http://www.loc.gov/MARC21/slim http://www.loc.gov/standards/marcxml/schema/MARC21slim.xsd"
    xmlns="http://www.loc.gov/MARC21/slim">

  <leader>00997nam a22001937a 4500</leader>
  <controlfield tag="003">OSt</controlfield>
  <controlfield tag="005">20140407153319.0</controlfield>
  <controlfield tag="008">130503b        xxu||||| |||| 00| 0 eng d</controlfield>
  <datafield tag="040" ind1=" " ind2=" ">
    <subfield code="c">&#x92E;&#x930;&#x93E;&#x920;&#x940; </subfield>
  </datafield>
  <datafield tag="082" ind1=" " ind2=" ">
    <subfield code="b">157</subfield>
  </datafield>
  <datafield tag="100" ind1=" " ind2=" ">
    <subfield code="a">&#x915;&#x947;&#x924;&#x915;&#x930;, &#x935;&#x94D;&#x92F;&#x902;&#x915;&#x91F;&#x947;&#x936; &#x936;&#x94D;&#x930;&#x940;&#x927;&#x930;</subfield>
  </datafield>
  <datafield tag="245" ind1=" " ind2=" ">
    <subfield code="a">&#x92E;&#x93E;&#x91D;&#x947;&#x902; &#x92C;&#x93E;&#x930;&#x93E; &#x935;&#x930;&#x94D;&#x937;&#x93E;&#x91A;&#x947; &#x915;&#x93E;&#x92E; &#x909;&#x930;&#x94D;&#x92B; &#x91C;&#x94D;&#x91E;&#x93E;&#x928;&#x915;&#x94B;&#x936;&#x92E;&#x902;&#x921;&#x933;&#x93E;&#x91A;&#x93E; &#x907;&#x924;&#x93F;&#x939;&#x93E;&#x938;</subfield>
  </datafield>
  <datafield tag="260" ind1=" " ind2=" ">
    <subfield code="a">&#x92A;&#x941;&#x923;&#x947;</subfield>
    <subfield code="b">&#x915;&#x947;&#x924;&#x915;&#x930;, &#x935;&#x94D;&#x92F;&#x902;&#x915;&#x91F;&#x947;&#x936; &#x936;&#x94D;&#x930;&#x940;&#x927;&#x930; </subfield>
    <subfield code="c">1927</subfield>
  </datafield>
  <datafield tag="300" ind1=" " ind2=" ">
    <subfield code="a">&#x969;&#x96C;&#x96B; &#x92A;&#x943;&#x937;&#x94D;&#x920;&#x947;</subfield>
  </datafield>
  <datafield tag="520" ind1=" " ind2=" ">
    <subfield code="a">&#x92E;&#x93E;&#x91D;&#x947;&#x902; &#x92C;&#x93E;&#x930;&#x93E; &#x935;&#x930;&#x94D;&#x937;&#x93E;&#x91A;&#x947; &#x915;&#x93E;&#x92E; &#x909;&#x930;&#x94D;&#x92B; &#x91C;&#x94D;&#x91E;&#x93E;&#x928;&#x915;&#x94B;&#x936;&#x92E;&#x902;&#x921;&#x933;&#x93E;&#x91A;&#x93E; &#x907;&#x924;&#x93F;&#x939;&#x93E;&#x938;</subfield>
  </datafield>
  <datafield tag="653" ind1=" " ind2=" ">
    <subfield code="a">&#x91C;&#x94D;&#x91E;&#x93E;&#x928;&#x915;&#x94B;&#x936;, &#x91C;&#x94D;&#x91E;&#x93E;&#x928;&#x915;&#x94B;&#x936;&#x92E;&#x902;&#x921;&#x933;&#x93E;&#x91A;&#x93E; &#x907;&#x924;&#x93F;&#x939;&#x93E;&#x938;</subfield>
  </datafield>
  <datafield tag="856" ind1=" " ind2=" ">
    <subfield code="u">http://dspace.vpmthane.org:8080/jspui/bitstream/123456789/3498/1/157Maajhen_%20Baaraa_Varashhaachen_Kaam.pdf</subfield>
  </datafield>
  <datafield tag="942" ind1=" " ind2=" ">
    <subfield code="2">ddc</subfield>
    <subfield code="c">EBOOK</subfield>
  </datafield>
  <datafield tag="999" ind1=" " ind2=" ">
    <subfield code="c">836926</subfield>
    <subfield code="d">836923</subfield>
  </datafield>
  <datafield tag="952" ind1=" " ind2=" ">
    <subfield code="0">0</subfield>
    <subfield code="1">0</subfield>
    <subfield code="2">ddc</subfield>
    <subfield code="4">0</subfield>
    <subfield code="7">0</subfield>
    <subfield code="a">VPMDIGI</subfield>
    <subfield code="b">VPMDIGI</subfield>
    <subfield code="d">2013-05-03</subfield>
    <subfield code="l">0</subfield>
    <subfield code="o">157</subfield>
    <subfield code="p">VPMDIGI-157</subfield>
    <subfield code="r">2013-05-03 00:00:00</subfield>
    <subfield code="u">http://dspace.vpmthane.org:8080/jspui/bitstream/123456789/3498/1/157Maajhen_%20Baaraa_Varashhaachen_Kaam.pdf</subfield>
    <subfield code="w">2013-05-03</subfield>
    <subfield code="y">EBOOK</subfield>
  </datafield>
</record>
